000
00189nam a2200085 4500
001
1258063
005
20260226103328.0
245
_a
ÜÇ NASİHAT
_c
ÖMER SEYFETTİN
260
_b
ÇOCUK GEZEGENİ
999
_c
1258063
_d
1258063